Państwa jedzące najwięcej wołowiny - Statystyki

Ogólne statystyki
  • Ten quiz został rozwiązany 13 630 razy
  • Średni wynik to 9 z 20
Statystyki odpowiedzi
# kg Państwo % Poprawnych
2 37.08 Stany Zjednoczone
98%
3 37.05 Brazylia
76%
1 54.16 Argentyna
70%
13 23.15 Francja
70%
4 35.70 Australia
61%
16 21.13 Chile
60%
5 31.65 Urugwaj
46%
17 20.84 Nowa Zelandia
45%
11 24.26 Szwecja
45%
15 21.89 Boliwia
43%
9 25.38 Dania
35%
18 20.31 Irlandia
32%
12 23.78 Kazachstan
30%
14 22.34 Mongolia
30%
19 19.77 Szwajcaria
30%
8 26.50 Izrael
23%
7 27.08 Uzbekistan
19%
6 29.47 Turkmenistan
18%
10 24.64 Luksemburg
14%
20 19.75 Republika Środkowoafrykańska
5%
Nie znaleziono quizów pasujących do podanych kryteriów
Rozkład punktacji
Procent ludzi z każdym wynikiem
Percentyl według liczby udzielonych odpowiedzi
Twoja historia wyników
Nie rozwiązałeś tego quizu